Ring of Capitals Puzzle #2 - Statistics

General Stats
  • This quiz has been taken 169 times
    166 since last reset
  • The average score is 13 of 24
Answer Stats
Answer % Correct
Astana
82%
Abuja
69%
Asmara
69%
Caracas
69%
Lima
69%
Abu Dhabi
64%
Bamako
64%
Lisbon
61%
Singapore
61%
Canberra
60%
Bangkok
59%
Baghdad
57%
Baku
56%
Banjul
55%
Bangui
53%
Cairo
52%
Ashgabat
51%
Lilongwe
49%
Asunción
47%
Bandar Seri Begawan
46%
Basseterre
45%
Castries
45%
Cape Town
36%
Libreville
27%
No matching quizzes found
Score Distribution
Percent of People with Each Score
Percentile by Number Answered
Your Score History
You have not taken this quiz since the last reset